000 03670cam a22004934i 4500
003 PE-LiUPU
005 20250731173053.0
008 180308s2017 ne a ri 001 0 eng d
020 _a9789004344525
035 _a(Sirsi) a241464
040 _aPE-LiUPU
_bspa
_cPE-LiUPU
_erda
049 _aPRUA
082 0 4 _a296.1
_bT4
_223
245 0 3 _aIs there a text in this cave?;
_b studies in the textuality of the dead sea Scrolls in honour of George J. Brooke /
_cedited by Ariel Feldman, Maria Cioată, Charlotte Hempel.
264 1 _aLeiden :
_bBrill,
_c2017.
300 _aix, 558 páginas :
_bilustraciones ;
_c24 centímetros.
336 _atext
_2rdacontent
337 _aunmediated
_2rdamedia
338 _avolume
_2rdacarrier
490 0 _aStudies on the texts of the desert of Judah ;
_v119
504 _aÍndice : páginas 533-558.
505 0 _aIntroduction -- Is there a text in this cave? -- Are there sacred texts in Qumran? The concept of sacred text in light of the qumran collection -- Textual authority and the problem of the biblical canon at qumran -- Reflections on literacy, textuality, and community in the qumran dead sea scrolls -- Scribal bodies as liturgical bodies: The formation of scriptures in early Judaism -- Qumran cave 4: Its archaeology and its manuscript collection -- Fresh perspectives on fragmentary scrolls -- A writing exercise remembered -- An abbreviated text? -- Memories of Amalek: The imprecatory function of the edomite genealogy in the dead sea scrolls -- Texts within texts: The text of fJeremiah in the exgetical literature from Qumran -- Text, intertex, and conceptual identity: The case of Ephraim and the Seekers of sooth things -- Strangers to the "Biblical scrolls": Balaam´s fourth oracle -- Deriving negative anthropology through exegetical activity: The Hodayot as case study -- The tefillin from the Judean desert and the textual crticism of the hebrew bible -- Dittography and copying lines in the dead sea scrolls: Considering George Brooke´s proposal -- Pseudepigraphy and and a scribal sense of the past in the ancient mediterranean: A copy of the book of the book of the words of the vision of Amram -- The textual Growth of the Damascus document revisited -- Medieval hebrew tellings of Tobit: "versions" of the book of tobit or new texts? -- Some thoughts on the relationship between the book of jubilees and the Genesis apocryphon -- Tobit and the Qumran Aramaic texts -- Metaphor and eschatology: Life beyond death in the hodayot -- The book of HGY and ancient reading practices -- Ritualization and the power of listing in 4QBerakhot -- Jewish wisdom in the hellenistic period: Towards the study of a semantic constellation -- In the garden of Good and Evil: Reimagining a tradition -- How should we feel about the teacher of righteousness? -- The teacher of righteousness and his enemies -- Index of ancient sources -- Index of subjects.
526 _aSEG42
526 _aSEG41
526 _aSEG40
526 _aSEG39
526 _aP94
526 _aP87
526 _aP86
526 _aP85
526 _aP77
526 _aP76
526 _aP35
650 0 4 _aManuscritos del mar muerto.
650 0 4 _aDead sea scrolls.
700 1 _aFeldman, Ariel,
_eeditor.
700 1 _aBrooke, George,
_eeditor.
910 _adbm
_bwmm
_cwmm
_d20180308
942 _2ddc
_cBOOK
994 _aC0
_bPEPRU
596 _a1
999 _a296.1 T4
_wDEWEY
_c27091
_i78361
_f2021-11-11
_g4
_lCCODEBUL1
_mBUL
_p45.00
_r0
_sY
_tBOOK
_u2018-3-8
_xTEOLOGIA
_PP35
_0DONACION
_o.STAFF. Colección Teología
_d27091
980 _81
_gALBERTO SANCHEZ Responsable de Automatización